Sebastian Vizcaíno y la expansión española en el Océano Pacífico, 1580-1630 /

Estudio sobre la expansión española en el Océano Pacífico durante los reinados de Felipe II, Felipe III y Felipe IV, cuyo artífice fue el navegante y explorador Sebastián Vizcaíno, primer representante diplomático de España en el Japón.

Kaydedildi:
Detaylı Bibliyografya
Yazar: Mathes, W. Michael (autor)
Materyal Türü: Kitap
Dil:İspanyolca
Baskı/Yayın Bilgisi: México : UNAM, Instituto de Investigaciones Históricas, 1973, c1973
Seri Bilgileri:(Historia Novohispana ; 23)
Konular:
Etiketler: Etiketle
Etiket eklenmemiş, İlk siz ekleyin!

MARC

LEADER 00000nam^a2200000^a^4500
001 000131815
005 20250521000000.0
009 20260310095037.185
037 |a Acervo ITESO - Biblioteca 
041 |a ESP 
082 |a 946. 05  |b MAT 
100 |a Mathes, W. Michael  |e (autor) 
245 1 0 |a Sebastian Vizcaíno y la expansión española en el Océano Pacífico, 1580-1630 /  |c W.M. Mathes ; tr. por Ignacio del Río. 
264 4 |a México :  |b UNAM, Instituto de Investigaciones Históricas,  |c 1973, c1973 
300 |a 143 p. 
336 |a texto  |b txt  |2 rdacontenido 
337 |a sin mediación  |b n  |2 rdamedio 
338 |a volumen  |b nc  |2 rdasoporte 
440 1 |a (Historia Novohispana ;  |v 23) 
500 |a Traducción de: Vizcaino and Spanish Expansion in the Pacific Ocean: 1580-1630 
520 |a Estudio sobre la expansión española en el Océano Pacífico durante los reinados de Felipe II, Felipe III y Felipe IV, cuyo artífice fue el navegante y explorador Sebastián Vizcaíno, primer representante diplomático de España en el Japón. 
649 |a XX 
650 |a Exploradores y Viajeros Españoles -  |x Biografías 
650 |a Diplomáticos Españoles -  |x Biografías 
650 |a Políticos Españoles -  |x Biografías 
650 |a Descubrimientos Geográficos -  |z Océano Pacífico 
650 |a Geografía -  |x Historia 
650 |a Viajes y Travesías -  |z Océano Pacífico 
650 |a Navegación 
650 |a Océano Pacífico 
650 |a Relaciones Internacionales -  |z España-Japón -  |x Historia 
650 |a Comercio Exterior -  |z España -  |x Historia 
650 |a Economía -  |z España -  |x Historia 
650 |a Política -  |z España -  |x Historia 
650 |a México -  |x Historia -  |y Virreinato, 1535-1821 
650 |a México -  |x Historia -  |y Epoca Colonial, 1517-1821 
650 |a España -  |x Historia -  |y Felipe II, 1556-1598 
650 |a España -  |x Historia -  |y Felipe III, 1598-1621 
650 |a España -  |x Historia -  |y Felipe IV, 1621-1665 
650 |a España -  |x Historia -  |y Casa de Austria, 1516-1700 
650 |a Vizcaíno, Sebastián 
910 |a Fondo Salvador Reynoso Reynoso 
920 |a Impresos - Libros 
930 |a Fondos Especiales 
905 |a 112 
901 |a 0800012127  |b IT2  |c ESP  |u 20250521 
902 |a https://opac.biblio.iteso.mx/vufind/Record/000131815